000
00320nam a2200121Ia 4500
008
180117s9999 xx 000 0 und d
100
_a
by Jose Javier Reyes
245
_a
Notes on the future of Cinema
260
_c
2017
300
_a
26-28 pages, 2017 September 24
440
_a
Philippine Panorama
650
_a
CINEMA
999
_c
353290
_d
353290